000 00959nam a22002297a 4500
005 20240530110543.0
008 160518ssu xxu f b 000 0 ara d
017 _a1434/8240
_bالسعودية . مكتبة الملك فهد الوطنية
020 _a9786038139066
040 _aEG-CaGPL
082 0 4 _221
_a362.6\
_bم خ
100 0 _aماهر ابو المعاطى على
245 1 2 _aالخدمة الاجتماعية فى مجال رعاية المسنين :
_bمع نماذج من رعايتهم فى الدول العربية /
_cماهر ابو المعاطى على
250 _aط. 1
260 _aالرياض :
_bدار الزهراء ،
_c2014 .
300 _a367 ص. ؛
_c24 سم .
504 _aيشتمل على ارجاعات ببليوجرافية
650 0 4 _aالشيخوخة
_xرعاية اجتماعية
650 0 4 _aالمسنون
_xرعاية و علاج
650 0 4 _aالخدمة الاجتماعية
942 _2ddc
_cBK
999 _c62297
_d62297